LEADER 01088nam0-2200337---450- 001 990008472640403321 005 20070419114613.0 035 $a000847264 035 $aFED01000847264 035 $a(Aleph)000847264FED01 035 $a000847264 100 $a20070222d2006----km-y0itay50------ba 101 0 $aita 102 $aIT 105 $a--------001cy 200 1 $a<>analisi della dispersione scolastica$eteorie, metodi e pratiche di ricerca$fAmalia Caputo$gprefazione di Angela Cortese 210 $aPomigliano D'Arco (Napoli)$cOxiana$dİ2006 215 $a301 p.$cgraf., fig., tab.$d21 cm 225 1 $aComunicazione e scienze sociali 320 $aContiene bibl. (pp. 271-284) 610 0 $aInsuccesso scolastico$aScuole secondarie superiori 676 $a373.12913$v21$zita 700 1$aCaputo,$bAmalia$0300763 702 1$aCortese,$bAngela 801 0$aIT$bUNINA$gRICA$2UNIMARC 901 $aBK 912 $a990008472640403321 952 $a373.12913 CAP 1$b3438$fBFS 959 $aBFS 996 $aAnalisi della dispersione scolastica$9730202 997 $aUNINA LEADER 00722nam0-22002651i-450- 001 990004902450403321 005 20061023102440.0 035 $a000490245 035 $aFED01000490245 035 $a(Aleph)000490245FED01 035 $a000490245 100 $a19990604g19629999km-y0itay50------ba 101 0 $aita 105 $ay-------001yy 200 1 $aEDITH Wharton$eA collection of critical essays$fedited by Irving Howe 210 $aEnglewood Cliffs$cPrentice-Hall$dc1962. 215 $aVI, 181 p.$d20 cm 702 1$aHowe,$bIrving 801 0$aIT$bUNINA$gRICA$2UNIMARC 901 $aBK 912 $a990004902450403321 952 $aVK 55$fFLFBC 959 $aFLFBC 996 $aEDITH Wharton$9524855 997 $aUNINA